|
|
|
|
| LEADER |
00000cam a2200000 7i4500 |
| 001 |
0000046789 |
| 005 |
20150407.0 |
| 008 |
07042015 |
| 020 |
|
|
|a 978983232839X
|
| 020 |
|
|
|a 983232839X
|
| 090 |
0 |
0 |
|a 899.2333
|b GHA
|
| 100 |
1 |
|
|a Ghazali Ngah Azia
|
| 100 |
1 |
|
|a JF
|b SC MAL (752)
|
| 100 |
1 |
|
|a Perintis pealan induk
|c Ghazali Ngah Azia
|
| 245 |
1 |
0 |
|a Biola misteri
|c Ghazali Ngah Azia
|
| 260 |
|
|
|a Shah Alam :
|b Karisma Publications Sdn. Bhd ,
|c 2001
|
| 440 |
|
|
|a Siri Remaja Karisma
|
| 650 |
|
0 |
|a Malay fiction
|
| 650 |
|
0 |
|a Young adult fiction, Malay
|
| 999 |
|
|
|a 0000858001
|b Book
|c Adult Collection
|e Cawangan Muar
|
| 999 |
|
|
|a 0000858002
|b Book
|c Adult Collection
|e Cawangan Muar
|
| 999 |
|
|
|a 0000858005
|b Book
|c Adult Collection
|e Cawangan Tmn. Ungku Tun Aminah
|